Sociálne médiá v marketingu vybranej značky

Sociálne médiá v súčasnosti už nie sú novým trendom, považujeme ich za neodmysliteľnú súčasť marketingovej komunikácie. Ponúkajú nové príležitosti priamej komunikácie s cieľovým trhom. Ich výhodou pre oblasť podnikania a marketingu je možnosť komunikovať so zákazníkmi priamo a včas. Obchodné spoločn...

ver descrição completa

Na minha lista:
Detalhes bibliográficos
Autor principal: Janošková, Mária, 1965-
Outros Autores: Weiss, Erik, 1979-
Formato: Capítulo de Livro
Idioma:eslovaco
Assuntos:
Tags: Adicionar Tag
Sem tags, seja o primeiro a adicionar uma tag!

MARC

LEADER 00000naa$a2200000$$$4500
001 0298031
005 20240502074519.7
041 0 |a slo 
044 |a SK 
245 1 0 |a Sociálne médiá v marketingu vybranej značky  |c Mária Janošková, Erik Weiss 
520 |a Sociálne médiá v súčasnosti už nie sú novým trendom, považujeme ich za neodmysliteľnú súčasť marketingovej komunikácie. Ponúkajú nové príležitosti priamej komunikácie s cieľovým trhom. Ich výhodou pre oblasť podnikania a marketingu je možnosť komunikovať so zákazníkmi priamo a včas. Obchodné spoločnosti často prepájajú svoje webové stránky so sociálnymi médiami, a so svojimi účtami na sociálnych sieťach. Podstatou sociálnych sietí nie je len vzájomná interakcia medzi ľuďmi, ale ich úlohou je v súčasnosti aj marketing. Cieľom príspevku je poukázať na nové trendy v komunikácii so zákazníkmi prostredníctvom sociálnych médií. Analyzovali sme súčasný stav na príklade vybranej značky zameranej na výrobu a predaj oblečenia, založenej na Slovensku. 
610 2 0 |a marketing elektronický 
610 2 0 |a zákazníci 
610 2 0 |a podnikanie 
610 2 0 |a spoločnosti obchodné 
610 2 0 |a siete sociálne 
100 1 |a Janošková, Mária, 1965- 
700 1 |a Weiss, Erik, 1979-